Molino de papel / (Record no. 32500)

MARC details
000 -LEADER
campo de control de longitud fija 00539nam a2200169 i 4500
001 - NÚMERO DE CONTROL
campo de control 32500
003 - IDENTIFICADOR DE NÚMERO DE CONTROL
campo de control ES-MaACL
005 - FECHA Y HORA DE LA ÚLTIMA TRANSACCIÓN
campo de control 20230906154601.0
007 - CAMPO FIJO DE DESCRIPCIÓN FÍSICA--INFORMACIÓN GENERAL
campo de control de longitud fija t|
008 - DATOS DE LONGITUD FIJA--INFORMACIÓN GENERAL
campo de control de longitud fija 030131s1948 sp f |||| | spa d
100 1# - ENTRADA PRINCIPAL--NOMBRE DE PERSONA
Nombre de persona Berriatua, Cristina.
9 (RLIN) 28374
245 10 - MENCIÓN DEL TÍTULO
Título Molino de papel /
Mención de responsabilidad, etc. Cristiana Berriatua ; litografías y ornamentación de Francisco Mateos.
260 ## - PUBLICACIÓN, DISTRIBUCIÓN, ETC.
Lugar de publicación, distribución, etc. Madrid :
Nombre del editor, distribuidor, etc. [s.n.,
Fecha de publicación, distribución, etc. 1948] (
Fabricante Gráf. Tejario)
300 ## - DESCRIPCIÓN FÍSICA
Extensión 109 p., 16 lám. ;
Dimensiones 21 cm.
700 1# - ENTRADA AGREGADA--NOMBRE PERSONAL
Nombre de persona Mateos, Francisco (
Fechas asociadas al nombre 1894-1976)
9 (RLIN) 78975
852 ## - LOCALIZACIÓN
Ubicación ES-MaACL
Número de control de estantería 1888-F-3
Holdings
Estatus retirado Estado de pérdida Estado de daño No para préstamo Colección Biblioteca de origen Biblioteca actual Ubicación en estantería Fecha de adquisición Fuente de adquisición Total de préstamos Signatura topográfica completa Código de barras Visto por última vez Precio de reemplazo Tipo de ítem Koha
        Colección de folletos Biblioteca del Ateneo de Madrid Biblioteca del Ateneo de Madrid Depósito folletos 17/01/2008     1888-F-3 1033678 23/02/2023 23/02/2023 Folleto